000 00673nam a2200229Ia 4500
005 20241129105749.0
008 241129s9999||||xx |||||||||||||| ||und||
020 _a978-90-04-34952-0
037 _aTB
040 _aARTS
_beng
_cARTS
041 _aeng
_2eng
084 _aX:77 Q7
_qARTS
100 _aBono Irene Ed.; Hibou Beatrice Ed.
_9724633
245 0 _aDevelopment as a battlefield
_cBono Irene Ed.; Hibou Beatrice Ed.
260 _aUSA
_bLeiden Brill Nijhoff
_c2021
300 _axviii,335p.
365 _aEUR
_b80
490 _aInternational development policy series; 8
650 _aEconomics
942 _cTB
_hX:77 Q7
999 _c1225823
_d1225823